000 00559nam a2200217Ia 4500
001 16152
003 GE_BSU
008 181216s||||||||xx |||||||||||||| ||und||
040 _cGE_BSU
080 _a621.31
100 _aBurton,Tony. Jenkins,Nick. Sharpe,David. Bossanyi, Ervin
245 _aWind Energy Handbook
250 _aSecond edition
260 _c2011
300 _a742p.25cm.
541 _h235 Gel.
653 _aWind Energy Handbook
653 _aსაინჟინრო საქმე
653 _aტექნიკა
942 _cBK
999 _c49239
_d49239